International Destionations from the São Paulo Airport - Statistics

General Stats
  • This quiz has been taken 22 times
  • The average score is 41 of 53
Answer Stats
Linhas Aéreas Destino % Correct
Ethiopian Addis Ababa
95%
Avianca, LATAM Bogotá
95%
Turkish Istanbul
95%
British, LATAM London
95%
KLM Amsterdam
91%
Aerolineas Argentinas, Gol, LATAM, Flybondi Buenos Aires (Aeroparque)
91%
Air Canada, Aerolineas Argentinas, Ethiopian, Gol, LATAM, Swiss, Turkish Airlines Buenos Aires (Ezeiza)
91%
American Dallas-Fort Worth
91%
Qatar Airways Doha
91%
Emirates Dubai
91%
LATAM, Lufthansa Frankfurt
91%
Air China, Air Europa, Iberia, LATAM Madrid
91%
ITA, LATAM Rome
91%
Air Canada Toronto
91%
Swiss Zurich
91%
Gol, LATAM Asuncion
86%
Delta Atlanta
86%
Royal Air Maroc Casablanca
86%
United Chicago
86%
LATAM, South African Johannesburg
86%
LATAM, Sky Lima
86%
LATAM Los Angeles
86%
Aeromexico, LATAM Mexico City
86%
Air Canada Montreal
86%
American, Delta, LATAM New York (JFK)
86%
United New York (Newark)
86%
Air France, LATAM Paris
86%
JetSmart, LATAM, Sky, Turkish Airlines Santiago
86%
United Washington D.C.
86%
Gol, LATAM Montevideo
82%
Lufthansa Munich
82%
TAP Porto
82%
LATAM Barcelona
77%
United Houston
77%
American, LATAM Miami
77%
Copa Airlines Panama City
77%
Gol, LATAM Córdoba
73%
LATAM Milan
73%
LATAM Rosario
73%
LATAM Boston
68%
TAAG Luanda (LAD)
68%
TAAG Luanda (NBJ)
68%
Gol Caracas
64%
LATAM Orlando
64%
Gol, LATAM Mendoza
59%
Gol San José
55%
BoA, Gol Santa Cruz de la Sierra
55%
LATAM, TAP Lisboa
50%
Arajet, Gol Punta Cana
45%
Gol Aruba
32%
Azul Punta del Este
32%
Aerolineas Argentinas, Gol, LATAM San Carlos de Bariloche
32%
Aerolineas Argentinas Salta
23%
No matching quizzes found
Score Distribution
Percent of People with Each Score
Percentile by Number Answered
Your Score History
You have not taken this quiz